| 000 | 01353cam a22003251i 4500 | ||
|---|---|---|---|
| 003 | SA-RiAUC | ||
| 005 | 20250922123430.0 | ||
| 008 | 250919s1983 su o g b f000r0 ara c | ||
| 040 |
_aSA-RiAUC _bara _cSA-RiAUC _erda |
||
| 043 | _aa-su--- | ||
| 082 | 0 | 4 |
_a953.122 _qSA-RiAUC |
| 090 |
_a953.122 _bط هـ ح |
||
| 100 | 1 |
_aطه، حاتم عمر، _d1377 هجري- _eمؤلف. |
|
| 245 | 1 | 0 |
_aطيبة وفنها الرفيع / _cحاتم عمر طه. |
| 250 | _aالطبعة الأولى. | ||
| 264 | 1 |
_aالمدينة المنورة : _bنادي المدينة المنورة الأدبي، _c[1983] |
|
| 300 |
_a140 صفحة : _bصور ملونة ؛ _c29 سم. |
||
| 336 |
_aنص _btxt _2rdacontent _3كتاب |
||
| 337 |
_aبدون وسيط _bn _2rdamedia |
||
| 338 |
_aمجلد _bnc _2rdacarrier |
||
| 490 | 0 |
_aإصدارات نادي المدينة المنورة الأدبي ؛ _v43 |
|
| 504 | _aببليوجرافية : صفحة 140. | ||
| 650 | 7 |
_aالعمارة الإسلامية _zالمدينة المنورة _2aucsh |
|
| 650 | 7 |
_aالمدن _zالسعودية _2aucsh |
|
| 651 | 7 |
_aالمدينة المنورة _xتاريخ _2aucsh |
|
| 651 | 7 |
_aالسعودية _xآثار _2aucsh |
|
| 651 | 7 |
_aالمدينة المنورة _xآثار إسلامية _2aucsh |
|
| 942 |
_2ddc _cBOOK _n0 |
||
| 949 |
_aSA-JeALM _d250919 _umohamedma123 _n1 |
||
| 999 |
_c12003 _d12003 |
||